Understanding biblical theology : (Record no. 9321)
[ view plain ]
| 000 -LEADER | |
|---|---|
| fixed length control field | 01913cam a2200313 a 4500 |
| 001 - CONTROL NUMBER | |
| control field | 17247854 |
| 003 - CONTROL NUMBER IDENTIFIER | |
| control field | GBCCL |
| 005 - DATE AND TIME OF LATEST TRANSACTION | |
| control field | 20241126110709.0 |
| 008 - FIXED-LENGTH DATA ELEMENTS--GENERAL INFORMATION | |
| fixed length control field | 120409s2012 miua 001 0 eng |
| 010 ## - | |
| -- | 2012014668 |
| 020 ## - INTERNATIONAL STANDARD BOOK NUMBER | |
| International Standard Book Number | 9780310492238 (pbk.) |
| 020 ## - INTERNATIONAL STANDARD BOOK NUMBER | |
| Canceled/invalid ISBN | 9780310492245 |
| Qualifying information | ebook |
| 040 ## - CATALOGING SOURCE | |
| Original cataloging agency | DLC |
| Transcribing agency | DLC |
| Modifying agency | DLC |
| 042 ## - | |
| -- | pcc |
| 050 00 - | |
| -- | BS543 |
| -- | .K63 2012 |
| 082 00 - DEWEY DECIMAL CLASSIFICATION NUMBER | |
| Classification number | 230.041 |
| Edition information | 23 |
| Item number | KLI |
| 100 1# - MAIN ENTRY--PERSONAL NAME | |
| Personal name | Klink, Edward W., |
| Titles and words associated with a name | III, |
| Dates associated with a name | 1975- |
| 9 (RLIN) | 16241 |
| 245 10 - TITLE STATEMENT | |
| Title | Understanding biblical theology : |
| Remainder of title | a comparison of theory and practice / |
| Statement of responsibility, etc. | Edward W. Klink III and Darian R. Lockett. |
| 260 ## - PUBLICATION, DISTRIBUTION, ETC. | |
| Place of publication, distribution, etc. | Grand Rapids, Mich. : |
| Name of publisher, distributor, etc. | Zondervan, |
| Date of publication, distribution, etc. | 2012. |
| 300 ## - PHYSICAL DESCRIPTION | |
| Extent | 193 p. : |
| Other physical details | ill. ; |
| Dimensions | 23 cm. |
| 500 ## - GENERAL NOTE | |
| General note | Includes indexes. |
| 505 0# - FORMATTED CONTENTS NOTE | |
| Formatted contents note | Spectrum of biblical theology -- Biblical theology as historical description -- Biblical theology as historical description: definition -- Biblical theology as historical description: James Barr -- Biblical theology as history of redemption -- Biblical theology as history of redemption: definition -- Biblical theology as history of redemption: D. A. Carson -- Biblical theology as worldview-story -- Biblical theology as worldview-story: definition -- Biblical theology as worldview-story: N. T. Wright -- Biblical theology as canonical approach -- Biblical theology as canonical approach: definition -- Biblical theology as canonical approach:Brevard Childs -- Biblical theology as theological construction -- Biblical theology as theological construction: definition -- Biblical theology as theological construction: Francis Watson -- Understanding biblical theology. |
| 630 00 - SUBJECT ADDED ENTRY--UNIFORM TITLE | |
| Uniform title | Bible |
| General subdivision | Theology. |
| 9 (RLIN) | 357 |
| 630 00 - SUBJECT ADDED ENTRY--UNIFORM TITLE | |
| Uniform title | Bible |
| General subdivision | Hermeneutics. |
| 9 (RLIN) | 1790 |
| 700 1# - ADDED ENTRY--PERSONAL NAME | |
| Personal name | Lockett, Darian R. |
| 9 (RLIN) | 16242 |
| 906 ## - LOCAL DATA ELEMENT F, LDF (RLIN) | |
| a | 7 |
| b | cbc |
| c | orignew |
| d | 1 |
| e | ecip |
| f | 20 |
| g | y-gencatlg |
| 942 ## - ADDED ENTRY ELEMENTS (KOHA) | |
| Source of classification or shelving scheme | Dewey Decimal Classification |
| Koha item type | Books |
| Koha issues (borrowed), all copies | 1 |
| Withdrawn status | Lost status | Source of classification or shelving scheme | Damaged status | Not for loan | Home library | Current Library | Shelving location | Date acquired | Total checkouts | Full call number | Barcode | Date last seen | Date last checked out | Copy number | Price effective from | Koha item type |
|---|---|---|---|---|---|---|---|---|---|---|---|---|---|---|---|---|
| Dewey Decimal Classification | GRACE BIBLE COLLEGE | GRACE BIBLE COLLEGE | Theology | 2022-10-06 | 1 | 230.041 KLI | 015795 | 2025-05-01 | 2023-07-31 | c.1 | 2022-10-06 | Books |